000 00462nam a2200181Ia 4500
008 230524s9999 xx 000 0 und d
020 _a9788120336896
082 _a510.132
_bKOL
100 _aBernard Kolman
245 0 _aDiscrete Mathematical Structures for Computer Science
250 _a6TH
260 _aNEW DELHI
_bPHI
_c2006
300 _aIX;290
500 _aQuantity Number: 32
650 _aMathematics
700 _a Robert C.Busby
942 _cBK
999 _c8592
_d8592